000 00266nam a22001217a 4500
008 181101b xxu||||| |||| 00| 0 eng d
041 _aeng
080 _216 th
_a821
100 _a24
101 _agju
245 _aThe Merick Manual
_cBondy.P.K
942 _2udc
_cBK
999 _c51470
_d51470